Mots par formule chimique - 2 - Statistiques

Statistiques générales
  • Ce quiz a été pris 415 fois
  • Le résultat moyen est 9 sur 10
Statistiques - réponses
Formule Mot % Correct
Actinium-Neon Acné
95%
Hydrogène-Iode-Erbium Hier
95%
Indium-Fluor-Iode-Nickel Infini
94%
Oxygène-Iode-Sélénium-Or Oiseau
94%
Brome-Arsenic Bras
93%
Phosphore-Or-Sélénium Pause
93%
Carbone-Radium-Vanadium-Actinium-Helium Cravache
92%
Céryum-Rhénium-Molybdène-Nickel-Aluminium Cérémonial
87%
Praséodyme-Oxygène-Phosphore-Rhénium-Tellure Propreté
86%
Céryum-Néodyme-Rhénium-Soufre Cendres
67%
Aucun quiz correspondant
Distribution des résultats
% des personnes avec chaque résultat
Percentile par nombre de réponses
Votre historique - résultats
Vous n’avez pas pris ce quiz